| 000 | 00414nam a22001577a 4500 | ||
|---|---|---|---|
| 003 | OSt | ||
| 005 | 20140311163157.0 | ||
| 008 | 140226t xxu||||| |||| 00| 0 eng d | ||
| 020 | _a9789713704238 | ||
| 050 |
_aT 3865 _b.J399En 2013 |
||
| 245 | _aEntrepreneurial and career development / | ||
| 260 |
_aPhilippines : _bJemma Inc., _c2013. |
||
| 300 |
_a246 p. : _bill. ; _c26 cm. |
||
| 942 |
_2lcc _cBK |
||
| 999 |
_c42412 _d42412 |
||